=LDR 00000nam 2200000 4500 =001 INLIS000000000046827 =005 20190712092951 =035 ##$$a 0010-051500000000086 =008 190712###########################0###### =082 ##$$a 510 =090 ##$$a 510 sud c =100 ##$$a sudirman =245 1#$$a cerdas aktif matematika untuk smp =260 ##$$a ganeca =300 ##$$a 288 hlm. =850 ##$$a NBPDMAT =084 ##$$a 510 SUD c =990 ##$$a 0001/BPAP-NTB/20142015